000 00228nam a22000857a 4500
008 161207b xxu||||| |||| 00| 0 eng d
100 _91909
_aUlyanova. A
245 _aLenin's Boyhood and Adolescence
260 _aMoscow
_bProgress
_c1986
999 _c4676
_d4676